Computer in library management / (Record no. 10204)

MARC details
000 -LEADER
fixed length control field 00551nam a22001932 4500
001 - CONTROL NUMBER
control field 0000024249
005 - DATE AND TIME OF LATEST TRANSACTION
control field 20151217152258.0
008 - FIXED-LENGTH DATA ELEMENTS--GENERAL INFORMATION
fixed length control field 130621s xx 000 0 eng d
040 ## - CATALOGING SOURCE
Original cataloging agency KABU
Transcribing agency KABU
100 1# - MAIN ENTRY--PERSONAL NAME
Personal name Ahmad, Shamim.
-- 0000184240
245 10 - TITLE STATEMENT
Title Computer in library management /
Statement of responsibility, etc. Shamim Ahmad.
250 ## - EDITION STATEMENT
Edition statement 1st ed.
260 ## - PUBLICATION, DISTRIBUTION, ETC. (IMPRINT)
Place of publication, distribution, etc. New Delhi :
Name of publisher, distributor, etc. APH,
Date of publication, distribution, etc. 2011.
300 ## - PHYSICAL DESCRIPTION
Extent v, 251 p.
650 #0 - SUBJECT ADDED ENTRY--TOPICAL TERM
Topical term or geographic name as entry element Libraries
General subdivision Automation.
-- 0000156628
852 1# - LOCATION
-- p1720 KES
908 ## - PUT COMMAND PARAMETER (RLIN)
Put command parameter 130621
950 ## - LOCAL HOLDINGS (RLIN)
-- 1
Holdings
Withdrawn status Lost status Source of classification or shelving scheme Not for loan Home library Current library Date acquired Total Checkouts Full call number Barcode Date last seen Price effective from Koha item type
    Library of Congress Classification   Kabarak, Main Campus Kabarak, Main Campus 17/12/2015   Z678.9 .A36 2011 c. 1 015247 17/12/2015 17/12/2015 General Collection
Designed with assistance from East African Informatics Ltd